Downton Abbey Characters Quiz Stats

 Plays Quiz Updated Jul 25, 2012

Also try: Mad Men Characters
Challenge
Share
Tweet
Score 0/25 Timer 04:00
1 Play Today
Number Character % Correct
Mary Crawley
95.9%
Matthew Crawley
90%
Edith Crawley
89.6%
Bates
89.6%
Sybil Crawley
87.2%
Anna
84.6%
Cora Crawley
84.4%
Robert Crawley
84%
Thomas
82.8%
Daisy
78.1%
Carson
77.7%
Violet Crawley
76.2%
William
69.7%
Number Character % Correct
Mrs Hughes
68.7%
Mrs Patmore
68.4%
O'Brien
65.1%
Branson
63.6%
Lavinia Swire
57.1%
Vera Bates
55.7%
Isobel Crawley
53.9%
Ethel
47.8%
Richard Carlisle
46.4%
Molesley
34.7%
Dr. Clarkson
33.4%
Lang
19.6%

You're not logged in!

Compare scores with friends on all Sporcle quizzes.
OR
Log In

You Might Also Like...

Show Comments

Extras

Top Quizzes Today


Score Distribution

Your Account Isn't Verified!

In order to create a playlist on Sporcle, you need to verify the email address you used during registration. Go to your Sporcle Settings to finish the process.

Report this User

Report this user for behavior that violates our Community Guidelines.

Details: